Ils ont été éliminés au second tour - élections législatives 2024 - Statistiques

Statistiques générales
  • Ce quiz a été pris 62 fois
  • Le résultat moyen est 8 sur 16
Statistiques - réponses
Par images Hint Réponse % Correct
NFP (NPA) - Aude Philippe Poutou
98%
Résistons - Pyrénées Atlantiques Jean Lassalle
96%
Debout La France - Essonne Nicolas Dupont - Aignan
94%
Ensemble (Ren) - Isère Olivier Véran
87%
NFP (LFI) - Val de Marne Rachel Keke
85%
RN - Sarthe Marie - Caroline Le Pen
83%
LR - Français de l'Etranger Meyer Habib
69%
Ensemble (Ren) - Paris Stanislas Guérini
48%
LR - RN - Tarn Guilhem Carayon
35%
Divers Extrême Droite - Hérault Emmanuelle Ménard
33%
NFP (Nouvelle Donne) - Essonne Pierre Larrouturou
31%
Ensemble (MODEM) - Loire Atlantique Sarah El Haïry
28%
NFP (PS) - Tarn et Garonne Valérie Rabault
26%
Divers Droite - Meuse Bertrand Pancher
13%
RN - Hautes Alpes Jérôme Sainte Marie
11%
RN - Jura Thierry Mosca
6%
Aucun quiz correspondant
Distribution des résultats
% des personnes avec chaque résultat
Percentile par nombre de réponses
Votre historique - résultats
Vous n’avez pas pris ce quiz